Cantores Sertanejos mais ouvios no Spotify - Statistics

Estatísticas Gerais
  • Esse quiz foi jogado 346 vezes
  • A pontuação média é 8 de 20
Estatísticas das Respostas
Hint Resposta % Correto
11.274.470 Marília Mendonça
81%
12.645.273 Gusttavo Lima
80%
15.204.735 Ana Castela
73%
10.077.476 Luan Santana
73%
10.377.194 Simone Mendes
54%
13.988.530 Jorge & Mateus
51%
11.839.844 Zé Neto & Cristiano
48%
10.577.387 Gustavo Mioto
47%
16.264.099 Henrique & Juliano
46%
12.673.166 Luan Pereira
42%
11.447.824 Maiara & Maraisa
39%
13.426.360 Matheus & Kauan
37%
8.892.102 Lauana Prado
33%
7.608.024 Diego & Victor Hugo
30%
11.613.033 Hugo & Guilherme
27%
11.155.928 Murilo Huff
25%
8.928.323 Israel & Rodolffo
18%
10.198.878 Guilherme & Benuto
12%
8.132.644 Clayton & Romário
9%
8.151.549 Felipe e Rodrigo
7%
Nenhum quiz correspondente encontrado
Distribuição das Pontuações
Porcentagem de Pessoas com Cada Pontuação
Percentil de Números Respondidos
Sua Pontuação Histórica
Você não jogou esse quiz